Statistics for European capitals by their flags and COAs

Click here to take the quiz!

General Stats

  • This quiz has been taken 40 times
  • The average score is 13 of 38

Answer Stats

Answer% Correct
Dublin
72%
Berlin
69%
Bucharest
59%
Amsterdam
55%
Copenhagen
55%
Moscow
52%
Paris
52%
Lisbon
48%
Bern
38%
Brussels
38%
Budapest
38%
Madrid
38%
Rome
38%
Warsaw
38%
Chișinău
34%
Helsinki
34%
Oslo
34%
Stockholm
34%
Zagreb
34%
Vienna
31%
Kyiv
28%
Vilnius
28%
Andorra la Vella
24%
Luxembourg City
24%
Prague
24%
Valletta
24%
Belgrade
21%
Minsk
21%
Riga
21%
Tallinn
21%
Bratislava
17%
Priština
17%
Reykjavik
17%
Skopje
17%
Tirana
17%
Ljubljana
14%
Podgorica
14%
Sofia
14%

Score Distribution

Percentile by Number Answered

Percent of People with Each Score

Your Score History

You have not taken this quiz